Logo Quiz Level 1 - Statistics

General Stats
  • This quiz has been taken 102 times
  • The average score is 12 of 16
Answer Stats
Picture Answer % Correct
McDonald's
100%
Pepsi
92%
Chicago Bulls
82%
Yonex
82%
Eastman Kodak Company
81%
NigmaLab
81%
Outfit7
81%
Bacardi Limited
79%
U.S.A. Home Video
73%
Roche Holding AG
71%
Adobe Photoshop
69%
IMDb
65%
Twitch
65%
AbeBooks
61%
Club Penguin
56%
Adobe InDesign
32%
No matching quizzes found
Score Distribution
Percent of People with Each Score
Percentile by Number Answered
Your Score History
You have not taken this quiz